000 00573nam a2200193Ia 4500
999 _c35458
_d35458
001 1316
003 GE_BSU
005 20221228133335.0
008 181216s2003||||ge |||||||||||||| ||geo||
040 _cGE_BSU
041 _ageo
080 _a504+349.6 ბ-69
245 _aბიოუსაფრთხოების სამართლებრივი ასპექტები.
264 _aთბილისი,
_c2003.
300 _a48 გვ.;
_b20 სმ.
541 _h2 ლ.
653 _aბიოუსაფრთხოება
942 _cBK
_2udc